[Event "Dhaka Bangabandhu op-B"]
[Site "Dhaka"]
[Date "2021.03.15"]
[Round "7"]
[White "Mohammad, Hasan Mia"]
[Black "Anowar, Hossain"]
[Result "1-0"]
[WhiteElo "1736"]
[BlackElo "1817"]
[PlyCount "45"]
[EventDate "2021.03.09"]
[EventType "swiss"]
[EventRounds "9"]
[EventCountry "BAN"]
[SourceTitle "CBM 201 Extra"]
[Source "ChessBase"]
[SourceDate "2021.05.31"]
[SourceVersion "1"]
[SourceVersionDate "2021.05.31"]
[SourceQuality "1"]

1. e4 d6 2. d4 g6 3. Nc3 Bg7 4. f4 Nc6 5. Be3 Nf6 6. Be2 a6 7. Bf3 Na5 8. Qe2 0-0 9. g4 b5 10. d5 Nc4 11. Bd4 e5 12. dxe6 fxe6 13. g5 Ne8 14. Bxg7 Nxg7 15. h4 Rxf4 16. Qh2 Qf8 17. Qg3 Ne5 18. Be2 b4 19. Nh3 Rf7 20. Nb1 Bb7 21. Nd2 Bc6 22. Rf1 Bb5 23. Rxf7 1-0

[Event "Dhaka Bangabandhu op-B"]
[Site "Dhaka"]
[Date "2021.03.10"]
[Round "2"]
[White "Anowar, Hossain"]
[Black "Hasan, Eunus"]
[Result "0-1"]
[WhiteElo "1817"]
[BlackElo "2087"]
[PlyCount "130"]
[EventDate "2021.03.09"]
[EventType "swiss"]
[EventRounds "9"]
[EventCountry "BAN"]
[SourceTitle "CBM 201 Extra"]
[Source "ChessBase"]
[SourceDate "2021.05.31"]
[SourceVersion "1"]
[SourceVersionDate "2021.05.31"]
[SourceQuality "1"]

1. e3 c5 2. b3 Nf6 3. Bb2 e6 4. g4 d5 5. h4 h6 6. Bg2 Nc6 7. d3 e5 8. Bh3 g5 9. Nf3 Nxg4 10. Nbd2 gxh4 11. Qe2 Be6 12. 0-0-0 Be7 13. Rdg1 Qd7 14. Ne1 h5 15. f3 Nh6 16. Bxe6 Qxe6 17. Ng2 Rg8 18. Qf2 h3 19. Ne1 0-0-0 20. Rxg8 Rxg8 21. Qh2 Bh4 22. Kd1 Nf5 23. Nf1 Bg3 24. Qxh3 h4 25. e4 dxe4 26. fxe4 Nfd4 27. Bxd4 Nxd4 28. Ne3 Qxh3 29. Rxh3 Bxe1 30. Kxe1 Rg1+ 31. Kd2 Rg3 32. Rxg3 hxg3 33. c3 Ne6 34. Ke2 Nf4+ 35. Kf3 Nxd3 36. Kxg3 Nc1 37. Ng4 Nxa2 38. Nxe5 Nxc3 39. Kf4 a5 40. Ke3 a4 41. bxa4 Nxa4 42. Nxf7 Kd7 43. Kd3 b5 44. Ng5 Nb2+ 45. Kc3 Nc4 46. Nf3 Kd6 47. Kb3 Ne5 48. Nd2 Kc6 49. Nf1 c4+ 50. Kb4 Nd3+ 51. Kc3 Kc5 52. Nd2 b4+ 53. Kc2 Kd4 54. Kb1 c3 55. Nb3+ Kxe4 56. Kc2 Ke3 57. Na5 Kd4 58. Nb3+ Kc4 59. Na5+ Kb5 60. Nb3 Nc5 61. Nc1 Kc4 62. Kb1 b3 63. Ne2 Nd3 64. Ka1 c2 65. Nc1 b2+ 0-1